ბათუმის შოთა რუსთაველის სახელმწიფო უნივერსიტეტის ბიბლიოთეკა

ცხოვრება - მეცნიერებაა / (ბიბ.ჩანაწერი № 53869)

000 -ლიდერი
ფიქსირებული სიგრძის საკონტროლო ველი 01515nam a2200289Ia 4500
001 - საკონტროლო ნომერი
საკონტროლო ველი 20920
003 - საკონტროლო ნომრის იდენტიფიკატორი
საკონტროლო ველი GE_BSU
005 - ბოლო ოპერაციის თარიღი და დრო
საკონტროლო ველი 20221205170745.0
008 - ფიქსირებული სიგრძის მონაცემთა ელემენტები - ზოგადი ინფორმაცია
ფიქსირებული სიგრძის საკონტროლო ველი 181216s2013||||ge |||||||||||||| ||geo||
020 ## - წიგნის საერთაშორისო სტანდარტული ნომერი
International Standard Book Number 9789941057595
040 ## - კატალოგიზაციის წყარო
Transcribing agency GE_BSU
041 ## - ენის კოდი
Language code of text/sound track or separate title geo
080 ## - უნივერსალური ათობითი კლასიფიკაციის ინდექსი
Universal Decimal Classification number 316.6 +159.92 ა–28
100 ## - მთავარი ჩანაწერი - პიროვნების სახელი
Personal name ადლერი, ალფრედ
9 (RLIN) 16213
245 ## - ცნობა სათაურის შესახებ
Title ცხოვრება - მეცნიერებაა /
Statement of responsibility, etc ალფრედ ადლერი ; მთარგმნ.: ნინა და მარინა თურმანიძეები ; რედ. თამაზ თურმანიძე.
264 ## - წარმოების, გამოცემის, დისტრიბუციის და სხვა ცნობები
გამოცემის, წარმოების, დისტრიბუციის... ადგილი თბილისი:
გამოცემის, წარმოების, დისტრიბუციის... სახელწოდება პეგა,
გამოცემის, წარმოების, დისტრიბუციის... თარიღი 2013.
300 ## - ფიზიკური აღწერა
Extent 186 გვ. ;
Other physical details 20 სმ.
653 ## - INDEX TERM--UNCONTROLLED
Uncontrolled term პიროვნების ფსიქოლოგია. სოციალური ფსიქოლოგია. ფროიდიზმი. ფსიქოანალიზი. ხასიათი (ფსიქოლოგია)
653 ## - INDEX TERM--UNCONTROLLED
Uncontrolled term სოციოლოგია
653 ## - INDEX TERM--UNCONTROLLED
Uncontrolled term ფსიქოლოგია
653 ## - INDEX TERM--UNCONTROLLED
Uncontrolled term ცხოვრება - მეცნიერებაა
700 ## - ADDED ENTRY--PERSONAL NAME
Personal name თურმანიძე, ნინა,
Relator term მთარგმნელი
9 (RLIN) 16342
700 ## - ADDED ENTRY--PERSONAL NAME
Personal name თურმანიძე, მარინა,
Relator term მთარგმნელი
9 (RLIN) 11864
700 ## - ADDED ENTRY--PERSONAL NAME
Personal name თურმანიძე, თამაზ
Relator term რედაქტორი
9 (RLIN) 11865
942 ## - ADDED ENTRY ELEMENTS (KOHA)
Koha item type წიგნი
Source of classification or shelving scheme
ეგზემპლარები
ჩამოწერის სტატუსი დაკარგული ეგზემპლარის სტატუსი კლასიფიკაციის წყარო ან თაროზე გაწყობის სქემა დაზიანების სტატუსი არ გაიცემა მუდმივი მდებარეობა (დაცვის ადგილი) ამჟამინდელი ადგილსამყოფელი თაროზე განთავსების ადგილი შეძენის თარიღი ღირებულება, შესყიდვის ნორმალური ფასი სრული შენახვის შიფრი შტრიხკოდი ბოლო ოპერაციის თარიღი ეგზემპლარის მიმდევრობითი ნომერი (კეტერი?) ფასის ძალაში შესვლის თარიღი ეგზემპლარის სახეობა საჯარო შენიშვნა Uniform Resource Identifier
          ბათუმის შოთა რუსთაველის სახელმწიფო უნივერსიტეტის მთავარი ბიბლიოთეკა ბათუმის შოთა რუსთაველის სახელმწიფო უნივერსიტეტის მთავარი ბიბლიოთეკა წიგნსაცავი 2018-12-17 7.30 316.6 +159.92 ა–28 54527 2018-12-17 54527 2018-12-17 წიგნი 7ლ.30თ.  
          ბათუმის შოთა რუსთაველის სახელმწიფო უნივერსიტეტის მთავარი ბიბლიოთეკა ბათუმის შოთა რუსთაველის სახელმწიფო უნივერსიტეტის მთავარი ბიბლიოთეკა წიგნსაცავი 2025-03-24 7.00 316.6 +159.92 ა–28 70930 2025-03-24 70930 2025-03-24 წიგნი 7.00 ნაჩუქარი
          ბათუმის შოთა რუსთაველის სახელმწიფო უნივერსიტეტის მთავარი ბიბლიოთეკა ბათუმის შოთა რუსთაველის სახელმწიფო უნივერსიტეტის მთავარი ბიბლიოთეკა წიგნსაცავი 2025-03-25 7.00 316.6 +159.92 ა–28 70934 2025-03-25 70934 2025-03-25 წიგნი 7.00 ნაჩუქარი